000 00887cam a22002891 4500
001 sa 67002149
003 DLC
005 20260227112328.0
008 890714s1966 ii b 000 0 inco
010 _asa 67002149
035 _a(OCoLC)20011656
040 _aDLC
_cWaU
_dDLC
041 0 _ainchin
042 _apremarc
043 _aa-ii---
050 0 0 _aPK2479.M3
_bB5
100 0 _aMahesadāsa Rāva,
_dactive 1644-1698.
245 1 0 _aBinhairāsau.
260 _c1966.
300 _a4, 60, 270 p.
_c24 cm.
490 1 _aRajasthan Oriental Research Institute, Jodhpur, India. Rajasthan puratana granthamala ;
_v83
500 _aIn Dingal ; introd. and commentary in Hindi.
504 _aBibliography: p. [268]-270.
651 0 _aRajasthan (India)
_xHistory
_vPoetry.
700 1 _aŚekhāvata, Saubhāgya-siṃha.
830 0 _aRājasthāna puratana granthamālā ;
_v83.
999 _c73074
_d73074